Responses for Show #8166 - Monday, February 24, 2020

MacKenzie Jones game 6.

Contestants

[<< previous game]

Steve Goodreau, a professor from Seattle, Washington

Jennifer Aziz, a lawyer from Toronto, Ontario, Canada

MacKenzie Jones, a program development director from Tulsa, Oklahoma (whose 5-day cash winnings total $130,803)

[next game >>]

Jeopardy! Round responses

FAIRY TALE POLICE REPORT
AROUND THE WORLD
GAME TIME!
LIFETIME MOVIE TITLES
4-LETTER WORDS WITH 1 VOWEL
AMERICAN WOMEN & POLITICS
    $200 21
the Pied Piper

Jennifer
    $200 4
the Great Lakes

MacKenzie
    $200 9
Sorry!

Jennifer
    $200 1
Honeymoon

MacKenzie
    $200 16
less

Jennifer
    $200 15
(Sarah) Palin

Steve
    $400 22
(Alex: Guilty as charged.)

the Sparrow

Triple Stumper
    $400 5
the Cape of Good Hope

Steve
    $400 10
Risk

Steve
    $400 2
Cheerleaders

MacKenzie
    $400 17
arch

Jennifer
    $400 24
(Kamala) Harris

Jennifer
    $600 23
Goldilocks

MacKenzie
    $1,000 6
Andorra

Steve
    $600 11
Uno

Jennifer
    $600 3
Amanda Knox

Steve
    $600 18
flat

Steve
    $600 26
(Steve: Who is Stein?)
(Jennifer: Who is Gore?)

Ralph Nader

JenniferSteve
Triple Stumper
    $800 25
Jack

Steve
    $800 7
Krakow

Steve
    $800 12
Cards Against Humanity

MacKenzie
    $800 13
Craigslist

MacKenzie
    $800 19
a ward

Steve
    $800 28
(Madeleine) Albright

MacKenzie
    $1000 30
(MacKenzie: Who is Maleficent?)
(Jennifer: Who is Rapunzel?)

Rumpelstiltskin

MacKenzieJennifer
Triple Stumper
    $1000 8
cardamom

Jennifer
    $1000 27
Stratego

Triple Stumper
    $1000 14
Sexting

Steve
    $1000 20
a sham

Jennifer
    $1000 29
New Jersey

Steve

Scores at the first commercial break (after clue 15):

MacKenzie Jennifer Steve
$2,400 $1,800 $4,400

Scores at the end of the Jeopardy! Round:

MacKenzie Jennifer Steve
$2,800 $2,400 $7,000

Double Jeopardy! Round responses

ELECTRICITY
CITY FILMS
ONLY THE GOOD CHARACTERS DIE YOUNG
19th CENTURY HISTORY
3 Os FOR YOU
MACHO CHEESE
    $400 24
a conductor

Jennifer
    $400 3
Sleepless in Seattle

MacKenzie
    $400 19
Alcott

MacKenzie
    $400 8
Bat Masterson

Triple Stumper
    $400 1
a lookout

MacKenzie
    $400 2
brie

Steve
    $800 25
a generator

MacKenzie
    $800 4
Chicago

MacKenzie
    $800 20
The Fault in Our Stars

Jennifer
    $800 9
the United Kingdom

Steve
    $800 12
(MacKenzie: What is cornea?)

a cocoon

MacKenzieSteve
    $800 17
monks

Jennifer
    $1200 26
electrolyte

Triple Stumper
    $1200 5
Rio

MacKenzie
    $1200 21
Of Mice and Men

MacKenzie
    $1200 10
an oil tanker

Steve
    $1200 14
a locomotive

Jennifer
    $1200 18
Muenster

Jennifer
    $1600 27
(Alex: Good thing, too.)

rubber

Triple Stumper
    $1600 6
Dallas Buyers Club

MacKenzie
    $1600 22
A Separate Peace

Triple Stumper
    $1600 11
Bolivia

Jennifer
    $1600 15
Dolorosa

Steve
    $1600 29
(Jennifer: What is Sicily?)

Sardinia

JenniferSteve
    $2000 28
(Georg) Ohm

Jennifer
    $2000 7
The Philadelphia Story

Steve
    $7,000 23
Ponyboy

MacKenzie
    $3,000 13
Antietam

Steve
    $2000 16
(Jennifer: What is rococo?)

monochrome (monochromatic)

Jennifer
Triple Stumper
    $2000 30
(Steve: What is Camembert?)
...
(Alex: Camembert doesn't have the odor that [*] cheese does.)

Limburger

Steve
Triple Stumper

Scores at the end of the Double Jeopardy! Round:

MacKenzie Jennifer Steve
$15,800 $6,800 $16,400

[wagering suggestions for these scores]

Final Jeopardy! Round responses

MUSIC STARS
JenniferWho is Johnny Cash
$6,700
MacKenzieWho is Cash?
$15,800
SteveWho is Elvis Presley?
$15,201
Johnny Cash

Final scores:

MacKenzie Jennifer Steve
$31,600 $13,500 $1,199
6-day champion: $162,403 2nd place: $2,000 3rd place: $1,000

Game dynamics:

Coryat scores:

MacKenzie Jennifer Steve
$10,800 $6,800 $15,000
16 R
(including 1 DD),
2 W
15 R,
4 W
19 R
(including 2 DDs),
2 W

Combined Coryat: $32,600

[game clues] [game scores] [suggest correction]

Game tape date: 2020-01-06
The J! Archive is created by fans, for fans. Scraping, republication, monetization, and malicious use prohibited; this site may use cookies and collect identifying information. See terms. The Jeopardy! game show and all elements thereof, including but not limited to copyright and trademark thereto, are the property of Jeopardy Productions, Inc. and are protected under law. This website is not affiliated with, sponsored by, or operated by Jeopardy Productions, Inc. Join the discussion at JBoard.tv.